Score 0/20 Timer 03:00
0 Plays Today
% Correct
15
59.8%
19
55.9%
1
54.9%
4
53.9%
11
44.1%
17
38.2%
8
31.4%
12
31.4%
7
29.4%
3
21.6%
% Correct
16
21.6%
20
20.6%
14
17.6%
13
16.7%
6
15.7%
18
14.7%
5
10.8%
10
10.8%
2
9.8%
9
7.8%
Remove Ads.
Support Sporcle.
Get the best of Sporcle when you Go Orange. This ad-free experience offers more features, more stats, and more fun while also helping to support Sporcle. Thank you for becoming a member.

You're not logged in!

Compare scores with friends on all Sporcle quizzes.
OR
Log In

Show Comments

Extras

Created Jan 15, 2013ReportNominate
Tags:Clickable Quiz, kinda, minute

Top Quizzes Today


Score Distribution

Your Account Isn't Verified!

In order to create a playlist on Sporcle, you need to verify the email address you used during registration. Go to your Sporcle Settings to finish the process.

Report this User

Report this user for behavior that violates our Community Guidelines.

Details: